[Event "Stay Safe Play From Home 299"]
[Site "Emanuel Lasker Arena"]
[Date "2020.07.13"]
[Round "9"]
[White "Lazieri3"]
[Black "Bardellosport"]
[Result "0-1"]
[WhiteElo "2081"]
[BlackElo "2073"]
[Annotator "TA"]
[PlyCount "120"]
[EventDate "2020.07.13"]
[EventType "swiss (blitz)"]

{[%evp 9,120,16,12,16,18,0,20,-7,-5,-5,-6,-18,-8,-110,-11,-8,-8,-12,-8,-31,0,0,0,0,0,0,0,0,4,-3,0,-10,-19,-30,0,-2,-7,-23,-16,-131,-122,-134,-91,-157,-142,-510,-504,-588,-637,-882,-250,-262,-80,-103,-56,-95,-6,-7,0,0,0,-125,0,-124,-122,-120,-8,-8,0,0,0,0,0,0,0,0,0,-6103,0,0,0,0,0,0,0,0,0,0,0,0,0,0,0,0,0,0,0,0,0,0,0,0,0,0,0,0,0,0,0,0,29985,0,29985]} 1. e4 e6 2. Nc3 c5 3. d3 Nc6 4. Nf3 g6 5. Bg5 {[#]} Be7 $146 ({Predecessor:} 5... Qb6 6. Qd2 Bg7 7. Na4 Qb5 8. Nc3 Qxb2 {0-1 (8) Shrestha,B-Sayantan,C (1878) Kathmandu 2018}) 6. Bxe7 {B40: Sicilian: 2...e6, Unusual lines.} Ngxe7 7. Be2 O-O 8. O-O d5 9. exd5 Nxd5 10. Qd2 Qf6 11. Qh6 (11. a4 $11 {keeps the balance.}) 11... Qg7 (11... Nxc3 $17 12. bxc3 Qxc3) 12. Qxg7+ $11 Kxg7 13. Nxd5 exd5 14. c3 Be6 15. d4 cxd4 16. Nxd4 Nxd4 17. cxd4 Rac8 18. Rfc1 Bf5 19. Bf3 Be4 20. Bxe4 dxe4 {[%mdl 4096] Endgame KRR-KRR} 21. Kf1 f5 22. Ke2 Kf6 23. g3 g5 24. Rxc8 (24. Rab1 $11 {remains equal.}) 24... Rxc8 {KR-KR} 25. Kd2 Ke6 26. Re1 ({Better is} 26. h4 gxh4 27. gxh4) 26... Kd5 $17 27. f3 $2 {[%mdl 8192]} (27. h4 $17) 27... Kxd4 $19 28. fxe4 fxe4 29. Rf1 Rc7 $2 (29... e3+ 30. Ke2 Rc2+ {[%mdl 64] Double Attack} 31. Kf3 g4+ $1 {[%mdl 576] Deflection, Promotion} 32. Kxg4 e2) 30. Rf6 {[#]} Re7 $2 (30... e3+ $1 $19 {and Black stays clearly on top.} 31. Kd1 h5) 31. Ke2 Ke5 32. Rf8 h6 (32... Rc7 $17 {And now ...Rc2+ would win.} 33. Kd2 Rd7+ 34. Ke3 Rd3+ 35. Ke2 Rd6) 33. Ke3 $11 Rc7 34. Re8+ Kf5 35. Rf8+ (35. Rxe4 $11 Rc2 36. Rb4) 35... Kg6 (35... Kg4 $17 {...Rc2 is the strong threat.} 36. Rf2 Rc1 37. Kxe4 Rh1) 36. Kxe4 (36. Rf2 $11) 36... Rc2 $1 $17 {[%csl LRb2,LRh2]} 37. Ra8 Rxb2 ({Black should play} 37... a6 $17 38. b4 Rc4+ 39. Ke5 Rxb4) 38. Rxa7 $11 Rb4+ 39. Kf3 Kf5 40. Ra5+ Kg6 41. a4 h5 42. Rb5 g4+ 43. Kg2 $2 {[%mdl 8192]} (43. Ke3 $11 Rxa4 44. Rb6+ Kg5 45. Rb5+ Kf6 46. Rxh5) 43... Rxa4 $2 (43... Rxb5 $19 44. axb5 Kf5) 44. Rb6+ Kg5 45. Rb5+ Kg6 46. Rb6+ Kf5 47. Rb5+ Ke4 48. Rxb7 Ra2+ 49. Kg1 Kf3 {( -> ...Ra1+)} 50. Rf7+ (50. Rb3+ {feels hotter.} Ke4 51. Rb4+ Kf3 52. Rb3+) 50... Ke3 51. Rf5 Ra1+ 52. Rf1 Ra3 53. Re1+ Kf3 (53... Kd2 {is interesting.} 54. Re5 Kd3 55. Rxh5 Ra1+ 56. Kf2 Ra2+) 54. Rf1+ Ke4 55. Re1+ Kf5 (55... Kd3 {looks sharper.} 56. Rb1 Ra2 57. Rb5 Ra1+ 58. Kf2 Ra2+) 56. Rf1+ Kg5 57. Re1 h4 58. Rf1 h3 59. Rf2 Ra2 $2 {[%mdl 8192]} (59... Ra1+ $11 60. Rf1 Ra7) 60. Rf1 $2 (60. Rxa2 {mates} Kf6 61. Ra4 Kf5 62. Kf2 Ke6 63. Rxg4 Kf5 64. Rf4+ Ke6 65. Ke3) 60... Ra1 $2 {[%mdl 40960] Both players deserved the win here. Accuracy: White = 71%, Black = 61%. . Loss on time!?} (60... Rg2+ $11 61. Kh1 Re2) 0-1

[Event "Stay Safe Play From Home 299"]
[Site "Emanuel Lasker Arena"]
[Date "2020.07.13"]
[Round "9"]
[White "Haxhi Baha"]
[Black "Mepe_Nika"]
[Result "1-0"]
[WhiteElo "1997"]
[BlackElo "2427"]
[Annotator "TA"]
[PlyCount "89"]
[EventDate "2020.07.13"]
[EventType "swiss (blitz)"]

{[%evp 9,88,-3,-8,-6,-12,-16,0,-51,-51,-97,-91,-52,-52,-44,167,153,318,311,318,306,591,608,600,608,630,602,654,661,678,679,645,649,727,710,1066,1058,1045,1030,1646,1645,1645,1477,29980,29979,29990,29991,29995,29979,29977,29980,29981,29982,29981,12843,29992,29993,29995,29996,29996,29994,29995,29993,29993,29994,29994,29994,29994,29993,29994,29994,29994,29995,29995,29996,29996,29997,29997,29998,29998,29999,29999]} 1. e4 e5 2. f4 d5 3. exd5 exf4 4. d4 Nf6 5. c4 c6 6. Bxf4 {And now Qe2+ would win. C31: Falkbeer Counter Gambit: 3 exd5 c6 and 3...e4 sidelines..} cxd5 7. Nc3 {[#]} Bb4 $146 ({Predecessor:} 7... Nc6 8. Nf3 Bb4 9. a3 Bxc3+ 10. bxc3 O-O 11. Be2 dxc4 12. Bxc4 Re8+ 13. Ne5 Nxe5 14. Bxe5 {0-1 (43) Prohaszka,P (2077)-Pesztericz,L (2164) Balatonlelle 2001}) 8. cxd5 (8. Bd3 $11) 8... O-O 9. Be2 Nxd5 10. Bd2 Qh4+ 11. g3 Qxd4 $2 (11... Qd8 $15) 12. Nf3 $36 {[%mdl 2048] White is in control.} Qc5 $2 {Loses the game.} (12... Bxc3 $16 13. Nxd4 Bxd4) 13. Nxd5 Bxd2+ 14. Qxd2 Rd8 $2 {[#]} (14... Nc6 {might work better.} 15. Rc1 Qd6) 15. Nf6+ $1 {[%mdl 576] Discovered Attack} gxf6 16. Qxd8+ {[%mdl 64] Double Attack} Kg7 17. Qd4 Qa5+ 18. b4 Qc7 19. O-O Nc6 20. Qh4 Be6 21. Bd3 f5 22. Qg5+ Kh8 23. Bxf5 Rg8 24. Qf6+ {[%mdl 64] [#] Double Attack} Rg7 25. Bxe6 {Threatening mate with Ng5.} fxe6 26. Ng5 Qb6+ 27. Kh1 Qd8 28. Qxg7+ {[%mdl 64] Decoy} Kxg7 29. Nxe6+ {[%mdl 64] Double Attack} Kh6 30. Nxd8 Nxd8 31. Rac1 (31. Rad1 $142 Nc6 32. Rf7 Ne5 33. Rxb7 Kg5 34. Rxa7 Nc4 35. Rd4 Ne3 36. b5) 31... Ne6 32. Rf6+ {[%mdl 64] Double Attack. White mates.} Kg5 33. Rxe6 Kf5 34. Rh6 a5 35. Rxh7 axb4 36. Rxb7 b3 37. Rxb3 Ke4 38. Rc4+ Kf5 39. Ra4 Ke6 40. Rb5 Kd7 41. Ra6 Kc7 42. Rh5 Kb7 43. Rg6 Kc7 44. Rh7+ Kd8 45. Rg8# {Accuracy: White = 89%, Black = 44%.} 1-0

[Event "Stay Safe Play From Home 299"]
[Site "Emanuel Lasker Arena"]
[Date "2020.07.13"]
[Round "9"]
[White "Cirovicz"]
[Black "Klasman"]
[Result "1-0"]
[WhiteElo "1953"]
[BlackElo "1337"]
[Annotator "TA"]
[PlyCount "49"]
[EventDate "2020.07.13"]
[EventType "swiss (blitz)"]

{[%evp 9,49,-57,-71,-437,847,837,993,988,2113,1070,1568,1044,1043,1074,1060,1009,977,268,1036,1038,1007,627,620,609,730,735,707,688,766,635,634,634,724,595,582,471,815,797,835,801,902,885]} 1. e4 f5 2. exf5 Nf6 3. g4 {[#]} h6 $146 ({Predecessor:} 3... d6 4. g5 Ne4 5. Qh5+ Kd7 6. d3 Nc5 7. d4 Nca6 8. Nf3 c6 9. Bd2 Kc7 {1-0 (21) Jakobeit,D-Alker,D Braunschweig 2003}) 4. h4 d5 5. g5 hxg5 6. hxg5 $2 {[%mdl 8192] [#] B00: Queen's Fianchetto Defence, Nimzowitsch Defence.} (6. d4 $17 {is tougher.}) 6... Ne4 $4 {[%mdl 8192]} (6... Rxh1 $19 7. gxf6 Rxg1 8. Qh5+ Kd7) 7. Rxh8 $18 Bxf5 8. Qh5+ g6 9. Qh6 Kd7 10. Qxf8 Qxf8 11. Rxf8 Nxg5 12. f4 Ne6 13. Bh3 $2 (13. Rh8) 13... Nxf4 $2 (13... Nxf8 14. Bg2 Bxc2 15. Bxd5 c6) 14. Bxf5+ {White is clearly winning.} gxf5 15. Rxb8 Rxb8 16. d4 Ng2+ 17. Kf2 Nh4 18. Nf3 Ng6 19. Ne5+ Nxe5 20. dxe5 Rg8 21. Bf4 Rg4 22. Kf3 Ke6 (22... Rg1 $142 23. Be3 Rh1 24. Bxa7 Ke6) 23. Nd2 c5 24. c4 d4 {[#]} 25. b4 $1 {Black did not feel at home in the position after the opening.} 1-0

[Event "Stay Safe Play From Home 299"]
[Site "Emanuel Lasker Arena"]
[Date "2020.07.13"]
[Round "9"]
[White "Greblha"]
[Black "Trotsky"]
[Result "1-0"]
[WhiteElo "1880"]
[BlackElo "1570"]
[Annotator "NA RC"]
[PlyCount "81"]
[EventDate "2020.07.13"]
[EventType "swiss (blitz)"]

1. e4 {[%emt 0:00:01]} c5 {[%emt 0:00:02]} 2. Nc3 {[%emt 0:00:01]} e6 {[%emt 0:00:00]} 3. g3 {[%emt 0:00:00]} d5 {[%emt 0:00:01]} 4. Bg2 {[%emt 0:00:00]} Nc6 {[%emt 0:00:01]} 5. d3 {[%emt 0:00:01]} Nf6 {[%emt 0:00:01]} 6. exd5 {[%emt 0:00:01]} exd5 {[%emt 0:00:01]} 7. Nge2 {[%emt 0:00:01]} Be6 {[%emt 0:00:01]} 8. d4 {[%emt 0:00:01]} c4 {[%emt 0:00:01]} 9. Nf4 {[%emt 0:00:01]} a6 {[%emt 0:00:01]} 10. Nxe6 {[%emt 0:00:01]} fxe6 {[%emt 0:00:00]} 11. O-O {[%emt 0:00:00]} h5 {[%emt 0:00:01]} 12. Re1 {[%emt 0:00:01]} Qd7 {[%emt 0:00:03]} 13. Qe2 {[%emt 0:00:01]} O-O-O {[%emt 0:00:01]} 14. Bh3 {[%emt 0:00:01]} Ng4 {[%emt 0:00:04]} 15. Bxg4 {[%emt 0:00:01]} hxg4 {[%emt 0:00:01]} 16. Qxe6 {[%emt 0:00:00]} Qxe6 {[%emt 0:00:04]} 17. Rxe6 {[%emt 0:00:01]} Bd6 {[%emt 0:00:01]} 18. Be3 {[%emt 0:00:02]} Rh3 {[%emt 0:00:01]} 19. Kg2 {[%emt 0:00:02]} Rdh8 {[%emt 0:00:01]} 20. Rh1 {[%emt 0:00:01]} Ne7 {[%emt 0:00:01]} 21. Nxd5 {[%emt 0:00:02]} Nf5 {[%emt 0:00:01]} 22. Bf4 {[%emt 0:00:02]} Bxf4 {[%emt 0:00:01]} 23. Nxf4 {[%emt 0:00:01]} Nxg3 {[%emt 0:00:04]} 24. fxg3 {[%emt 0:00:02]} Kd7 {[%emt 0:00:01]} 25. Re4 {[%emt 0:00:01]} R3h7 {[%emt 0:00:03]} 26. c3 {[%emt 0:00:01]} Kc6 {[%emt 0:00:01]} 27. Ng6 {[%emt 0:00:02]} Rf8 {[%emt 0:00:02]} 28. Ne7+ {[%emt 0:00:01]} Kb5 {[%emt 0:00:03]} 29. Rhe1 {[%emt 0:00:01]} g5 {[%emt 0:00:02]} 30. Re5+ {[%emt 0:00:01]} Ka4 {[%emt 0:00:02]} 31. Rxg5 {[%emt 0:00:01]} b5 {[%emt 0:00:01]} 32. Nd5 {[%emt 0:00:01]} Rb8 {[%emt 0:00:03]} 33. Nb4 {[%emt 0:00:01]} Rhb7 {[%emt 0:00:01]} 34. Rg6 {[%emt 0:00:01]} a5 {[%emt 0:00:01]} 35. Nc6 {[%emt 0:00:01]} b4 {[%emt 0:00:02]} 36. Rg5 {[%emt 0:00:02]} Rb5 {[%emt 0:00:02]} 37. cxb4 {[%emt 0:00:02]} axb4 {[%emt 0:00:01]} 38. Rxb5 {[%emt 0:00:01]} Rxb5 {[%emt 0:00:01]} 39. Ne5 {[%emt 0:00:01]} c3 {[%emt 0:00:01]} 40. bxc3 {[%emt 0:00:01]} bxc3 {[%emt 0:00:01]} 41. Rc1 {[%emt 0:00:01] Âðåìÿ . (Lag: Av=0.24s, max=0.8s)} 1-0